Charles Dickens Novels Quiz Stats

 Plays Quiz Updated Jul 20, 2017

     
Support Sporcle.
Go Orange.
Score 0/19 Timer 10:00
5 Plays Today
Year(s) Novel % Correct
1837-39Oliver Twist
87.8%
1859A Tale of Two Cities
84.7%
1860-61Great Expectations
84.1%
1843A Christmas Carol
83.9%
1849-50David Copperfield
73.9%
1852-53Bleak House
61.8%
1836-37The Pickwick Papers
60.8%
1838-39Nicholas Nickleby
58%
1855-57Little Dorrit
49.4%
1840-41The Old Curiosity Shop
49%
Year(s) Novel % Correct
1854Hard Times
48.8%
1843-44Martin Chuzzlewit
42.4%
1841Barnaby Rudge
38.4%
1864-65Our Mutual Friend
37.1%
1846-48Dombey and Son
36.1%
1845The Cricket on the Hearth
29.1%
1844The Chimes
26.4%
1848The Haunted Man
23%
1846The Battle of Life
22.6%

From the Vault

Find The Countries II

by miyomiyo1050

I have heard of getting lost in geography, but this is ridiculous.
Remove Ads.
Support Sporcle.
Get the best of Sporcle when you Go Orange. This ad-free experience offers more features, more stats, and more fun while also helping to support Sporcle. Thank you for becoming a member.

Show Comments

Extras

Top Quizzes Today


Score Distribution

Your Account Isn't Verified!

In order to create a playlist on Sporcle, you need to verify the email address you used during registration. Go to your Sporcle Settings to finish the process.

Report this User

Report this user for behavior that violates our Community Guidelines.

Details: